[Event "Prague KS op-B"]
[Site "Prague"]
[Date "2007.??.??"]
[Round "7"]
[White "Rubes, Zdenek"]
[Black "Prasilova, Dana"]
[Result "1-0"]
[WhiteElo "1749"]
[BlackElo "1688"]
[PlyCount "65"]
[EventDate "2007.??.??"]
[EventType "swiss"]
[EventRounds "7"]
[EventCountry "CZE"]
[SourceTitle "EXT 2008"]
[Source "ChessBase"]
[SourceDate "2007.11.25"]
[SourceVersion "1"]
[SourceVersionDate "2007.11.25"]
[SourceQuality "1"]

1. d4 d5 2. Nf3 Nf6 3. Bg5 e6 4. e3 c6 5. Bd3 Nbd7 6. Nbd2 h6 7. Bh4 Be7 8. c3 0-0 9. 0-0 c5 10. Ne5 Nxe5 11. dxe5 Nd7 12. Bg3 c4 13. Bc2 Nxe5 14. f4 Qb6 15. Rb1 Nd3 16. Qe2 Bc5 17. Rf3 Bd7 18. Bh4 a5 19. b3 Qa6 20. bxc4 dxc4 21. Rg3 Nxf4 22. Rxg7+ Kxg7 23. Bf6+ Kg8 24. Qg4+ Ng6 25. Bxg6 Bxe3+ 26. Kh1 Bg5 27. Bc2 Bc6 28. h4 Bxg2+ 29. Kxg2 Qc6+ 30. Kh2 Rfc8 31. hxg5 Kf8 32. gxh6 Ke8 33. Qg8+ 1-0

[Event "Prague op-B"]
[Site "Prague"]
[Date "2006.07.06"]
[Round "5"]
[White "Tursky, Matyas"]
[Black "Prasilova, Dana"]
[Result "1-0"]
[WhiteElo "1592"]
[BlackElo "1657"]
[PlyCount "71"]
[EventDate "2006.07.02"]
[EventType "swiss"]
[EventRounds "7"]
[EventCountry "CZE"]
[SourceTitle "EXT 2007"]
[Source "ChessBase"]
[SourceDate "2006.11.23"]
[SourceVersion "1"]
[SourceVersionDate "2006.11.23"]
[SourceQuality "1"]

1. e4 c5 2. d3 g6 3. g3 Bg7 4. Bg2 Nc6 5. Nc3 d6 6. Be3 Nf6 7. Nge2 0-0 8. Qd2 a6 9. Bh6 Qc7 10. Bxg7 Kxg7 11. f4 e6 12. h3 Bd7 13. g4 Kg8 14. Ng3 Nd4 15. g5 Ne8 16. Nce2 Nxe2 17. Qxe2 Ng7 18. h4 Bc6 19. 0-0-0 f5 20. e5 Bxg2 21. exd6 Qxd6 22. Qxg2 Qxf4+ 23. Kb1 Rad8 24. h5 Qxg5 25. hxg6 hxg6 26. Rdg1 Rd7 27. Qh3 Qf6 28. Qh7+ Kf7 29. Ne4 Qe5 30. Qxg6+ Ke7 31. Qxg7+ Qxg7 32. Rxg7+ Ke8 33. Rxd7 fxe4 34. Rxb7 e3 35. Rb8+ Ke7 36. Rh7+ 1-0

[Event "Prague op-B"]
[Site "Prague"]
[Date "2006.07.05"]
[Round "4"]
[White "Prasilova, Dana"]
[Black "Hampel, Rudolf"]
[Result "1-0"]
[WhiteElo "1657"]
[BlackElo "1656"]
[PlyCount "84"]
[EventDate "2006.07.02"]
[EventType "swiss"]
[EventRounds "7"]
[EventCountry "CZE"]
[SourceTitle "EXT 2007"]
[Source "ChessBase"]
[SourceDate "2006.11.23"]
[SourceVersion "1"]
[SourceVersionDate "2006.11.23"]
[SourceQuality "1"]

1. d4 d5 2. c4 c6 3. Nc3 Nf6 4. Bg5 Nbd7 5. Nf3 e6 6. e3 h6 7. Bh4 Be7 8. Qc2 0-0 9. Bd3 dxc4 10. Bxc4 b5 11. Bd3 Bb7 12. 0-0 a6 13. Rac1 Rc8 14. Bxf6 Bxf6 15. Ne4 Be7 16. Nc5 Nxc5 17. dxc5 Qc7 18. Rfd1 Rcd8 19. Nd4 Bc8 20. Be4 Bd7 21. Qe2 f5 22. Bb1 e5 23. Nf3 Bf6 24. b4 Be6 25. a3 Qf7 26. Rd6 Bd5 27. Bxf5 e4 28. Nd2 Rxd6 29. cxd6 Bb2 30. Rb1 Bxa3 31. Bxe4 c5 32. bxc5 Bxc5 33. d7 Qxd7 34. Bxd5+ Qxd5 35. Nb3 Bd6 36. Nd4 Rc8 37. Rd1 Qe5 38. Qa2+ Kh7 39. g3 Qc5 40. Qxa6 b4 41. Qd3+ Kh8 42. Ne6 Qf5 1-0